[Event "Hastings Masters 2011-12"]
[Site "Hastings ENG"]
[Date "2012.01.03"]
[Round "7.52"]
[White "Bourached, Anthony"]
[Black "Kalairajah, Shyam"]
[Result "1/2-1/2"]
[WhiteElo "1895"]
[BlackElo "1830"]
[PlyCount "31"]
[EventDate "2011.12.28"]

1. d4 Nf6 2. c4 g6 3. Nc3 d5 4. cxd5 Nxd5 5. Nf3 Bg7 6. Bd2 O-O 7. e3 b6 8. Qb3
Bb7 9. Bd3 Nxc3 10. Qxc3 c5 11. Rc1 Nc6 12. Qa3 cxd4 13. Be4 Rc8 14. O-O Qd7
15. Bxc6 Bxc6 16. Nxd4 1/2-1/2

[Event "Hastings Masters 2011-12"]
[Site "Hastings ENG"]
[Date "2012.01.03"]
[Round "7.54"]
[White "Spanton, Tim R"]
[Black "Macrae, James S"]
[Result "1-0"]
[WhiteElo "1978"]
[BlackElo "1740"]
[PlyCount "69"]
[EventDate "2011.12.28"]

1. e4 Nc6 2. Nf3 d6 3. d4 Nf6 4. Nc3 a6 5. h3 e6 6. Be3 Be7 7. Be2 O-O 8. Qd2
d5 9. e5 Ne4 10. Nxe4 dxe4 11. Nh2 f5 12. exf6 Bxf6 13. O-O-O Qd5 14. c4 Qa5
15. Qxa5 Nxa5 16. Ng4 Be7 17. Ne5 b6 18. a3 Nb7 19. f3 Nd6 20. Nc6 Bh4 21. fxe4
Bd7 22. Ne5 Ba4 23. Rdf1 Nf7 24. Nxf7 Rxf7 25. Bg4 Bd7 26. e5 Raf8 27. Rxf7
Rxf7 28. d5 Bc8 29. Rd1 h6 30. d6 Bd8 31. b4 Kh7 32. c5 g6 33. c6 h5 34. Be2
Rf5 35. d7 1-0

[Event "Hastings Masters 2011-12"]
[Site "Hastings ENG"]
[Date "2012.01.04"]
[Round "8.5"]
[White "Vovk, Yuri"]
[Black "Williams, Simon K"]
[Result "1-0"]
[WhiteElo "2571"]
[BlackElo "2513"]
[PlyCount "77"]
[EventDate "2011.12.28"]

1. d4 Nf6 2. c4 g6 3. Nc3 Bg7 4. e4 d6 5. Nf3 O-O 6. h3 e5 7. d5 a5 8. Bg5 Na6
9. Nd2 Qe8 10. Be2 Nd7 11. a3 f6 12. Bh4 Nb6 13. b3 Bh6 14. Rb1 Nc5 15. O-O Bd7
16. Qc2 f5 17. b4 axb4 18. axb4 Nca4 19. Nb5 Bxb5 20. cxb5 Nd7 21. Nc4 fxe4 22.
Ra1 Nab6 23. Nxb6 Rxa1 24. Rxa1 cxb6 25. Qc7 e3 26. Qxd6 exf2+ 27. Kf1 Qc8 28.
Qe6+ Kh8 29. d6 Qc3 30. Rd1 Qxb4 31. Be7 Bf4 32. Qg4 Rf5 33. g3 h5 34. Qxg6 Qe4
35. gxf4 Qh1+ 36. Kxf2 Qh2+ 37. Ke1 Rxf4 38. Qh6+ Kg8 39. Bc4+ 1-0

[Event "Hastings Masters 2011-12"]
[Site "Hastings ENG"]
[Date "2012.01.04"]
[Round "8.6"]
[White "Das, Arghyadip"]
[Black "Pert, Nicholas"]
[Result "1/2-1/2"]
[WhiteElo "2470"]
[BlackElo "2563"]
[PlyCount "50"]
[EventDate "2011.12.28"]

1. c4 f5 2. g3 Nf6 3. Bg2 d6 4. Nc3 e5 5. d3 Be7 6. e3 O-O 7. Nge2 Qe8 8. O-O
c6 9. f4 Be6 10. b3 Nbd7 11. Bb2 Rd8 12. Qd2 Qh5 13. Ba3 Rfe8 14. e4 fxe4 15.
Nxe4 Nxe4 16. dxe4 Bh3 17. Bxh3 Qxh3 18. f5 Nf6 19. Nc3 Ng4 20. Qe2 Bg5 21. Bc1
Bxc1 22. Raxc1 Rf8 23. Rf3 Rf6 24. Qg2 Qxg2+ 25. Kxg2 h5 1/2-1/2

[Event "Hastings Masters 2011-12"]
[Site "Hastings ENG"]
[Date "2012.01.04"]
[Round "8.7"]
[White "Hebden, Mark L"]
[Black "Kjartansson, Gudmundur"]
[Result "0-1"]
[WhiteElo "2515"]
[BlackElo "2326"]
[PlyCount "158"]
[EventDate "2011.12.28"]

1. d4 d5 2. Nf3 Nf6 3. c4 e6 4. Nc3 Be7 5. Bg5 h6 6. Bh4 O-O 7. e3 Ne4 8. Bxe7
Qxe7 9. Rc1 c6 10. Bd3 Nxc3 11. Rxc3 dxc4 12. Bxc4 Nd7 13. O-O b6 14. Qc2 Bb7
15. Qe4 Rab8 16. Bd3 Nf6 17. Qh4 c5 18. dxc5 Bxf3 19. gxf3 bxc5 20. b3 Rb4 21.
Bc4 Rd8 22. Rc2 Qb7 23. Qg3 Rb6 24. Be2 Rd5 25. f4 Ne4 26. Qg2 Nd2 27. Rfc1 e5
28. f5 e4 29. Rxc5 Rf6 30. Qg4 Qd7 31. Rxd5 Qxd5 32. Rd1 Qa5 33. b4 Qxa2 34.
Kh1 Qb2 35. b5 Nf3 36. Bxf3 exf3 37. Rg1 Rb6 38. Qxf3 Qxb5 39. Qg2 g6 40. fxg6
Rxg6 41. Qa8+ Kg7 42. Rxg6+ Kxg6 43. Kg2 a5 44. e4 Kg7 45. Qc8 a4 46. h4 Kh7
47. Qc7 Qb3 48. Qa5 Kg8 49. Qd8+ Kg7 50. Qd4+ Kh7 51. Qd7 a3 52. Qf5+ Kh8 53.
Qc8+ Kh7 54. Qf5+ Kg7 55. Qg4+ Kf6 56. Qf4+ Ke7 57. Qc7+ Ke6 58. Qc6+ Ke5 59.
Qxh6 a2 60. Qg7+ Kxe4 61. Qg4+ Ke5 62. Qg5+ Ke6 63. Qg4+ Ke7 64. Qd4 Qb7+ 65.
f3 f6 66. h5 Qa6 67. Qe4+ Kf8 68. Qb4+ Kf7 69. Qb3+ Qe6 70. Qb7+ Kf8 71. Qa8+
Kg7 72. Qb7+ Kh6 73. Qa8 Qe2+ 74. Kh3 Qf1+ 75. Kg3 Qg1+ 76. Kh3 a1=Q 77. Qh8+
Kg5 78. Qg8+ Kf4 79. Qc4+ Qad4 0-1

[Event "Hastings Masters 2011-12"]
[Site "Hastings ENG"]
[Date "2012.01.04"]
[Round "8.8"]
[White "Holzke, Frank"]
[Black "Rendle, Thomas E"]
[Result "1-0"]
[WhiteElo "2506"]
[BlackElo "2389"]
[PlyCount "113"]
[EventDate "2011.12.28"]

1. e4 e5 2. Nf3 Nc6 3. Bc4 Bc5 4. O-O d6 5. c3 Nf6 6. d4 Bb6 7. a4 a6 8. dxe5
Nxe5 9. Nxe5 dxe5 10. Qf3 O-O 11. h3 Ne8 12. b3 Nd6 13. Ba3 Kh8 14. Bd3 Qg5 15.
Ra2 Be6 16. c4 Bd4 17. c5 Bxb3 18. Bc1 Qh4 19. Ra3 Bxa4 20. cxd6 Bc6 21. Qf5
cxd6 22. Bg5 Qh5 23. g4 Qg6 24. Be7 Rfe8 25. Qxg6 fxg6 26. Bxd6 a5 27. Bc7 b6
28. Rc1 Re6 29. Nc3 Rf8 30. Nd1 Rc8 31. Bc4 Rf6 32. g5 Rf4 33. Bd5 Bd7 34. Kg2
a4 35. Rc4 Rff8 36. Bd6 Rxc4 37. Bxc4 Rc8 38. Rf3 Bc6 39. Bd5 Bb5 40. Rf8+ Rxf8
41. Bxf8 Bd3 42. Bb4 h6 43. h4 hxg5 44. hxg5 b5 45. Nc3 Kh7 46. Kf3 Kh8 47. Bc6
a3 48. Bd5 Kh7 49. Ba2 Kh8 50. Nb1 Bxb1 51. Bxb1 Bb2 52. Ba2 Kh7 53. Ke2 Bc1
54. Bd2 Bb2 55. Kd3 Kh8 56. Bc3 Bc1 57. Bxe5 1-0

[Event "Hastings Masters 2011-12"]
[Site "Hastings ENG"]
[Date "2012.01.04"]
[Round "8.9"]
[White "Shyam, Nikil P"]
[Black "Olsarova, Karolina"]
[Result "1/2-1/2"]
[WhiteElo "2482"]
[BlackElo "2167"]
[PlyCount "111"]
[EventDate "2011.12.28"]

1. e4 e5 2. Nf3 Nc6 3. Bb5 Nf6 4. O-O Nxe4 5. d4 Nd6 6. Bxc6 dxc6 7. dxe5 Nf5
8. Qxd8+ Kxd8 9. Nc3 Bd7 10. b3 Kc8 11. Rd1 Be7 12. h3 h5 13. Bg5 Bb4 14. Ne2
Re8 15. c3 Bf8 16. Rd3 f6 17. Bf4 fxe5 18. Bxe5 Bd6 19. Bxd6 cxd6 20. Nf4 h4
21. Ng6 Re4 22. Ng5 Re8 23. Rf3 Kc7 24. Kf1 d5 25. Rd1 Rad8 26. Nf7 Ra8 27.
Nfe5 Bc8 28. Rf4 b6 29. Kg1 Kd6 30. Re1 Bd7 31. Kf1 Be6 32. Nxh4 Nxh4 33. Rxh4
Bf5 34. f4 Re7 35. Rh5 Rf8 36. Kf2 Bb1 37. g3 Bxa2 38. Ra1 Bxb3 39. Ng6 Rfe8
40. Re5 Rxe5 41. fxe5+ Kc5 42. Rxa7 Kc4 43. Rb7 Kxc3 44. Rxb6 c5 45. Rc6 c4 46.
Rd6 d4 47. e6 d3 48. Nf4 d2 49. Ne2+ Kc2 50. Nd4+ Kb1 51. Nxb3 cxb3 52. Ke2 b2
53. Kxd2 Ka2 54. Ra6+ Kb3 55. Rb6+ Ka2 56. Ra6+ 1/2-1/2

[Event "Hastings Masters 2011-12"]
[Site "Hastings ENG"]
[Date "2012.01.04"]
[Round "8.10"]
[White "Massoni, Michael"]
[Black "Simacek, Pavel"]
[Result "0-1"]
[WhiteElo "2304"]
[BlackElo "2448"]
[PlyCount "95"]
[EventDate "2011.12.28"]

1. e4 e5 2. Nf3 Nc6 3. Bb5 f5 4. d3 fxe4 5. dxe4 Nf6 6. O-O Bc5 7. Qd3 Qe7 8.
Nc3 Nd4 9. Nxd4 Bxd4 10. Ne2 Bb6 11. Ng3 g6 12. Bg5 h6 13. Bd2 Kf8 14. Kh1 Kg7
15. f4 d6 16. h3 Rf8 17. Bb4 Ng4 18. fxe5 Nxe5 19. Bc3 Be6 20. Ne2 Qh4 21. Bc4
Bxc4 22. Qxc4 Rxf1+ 23. Rxf1 Rf8 24. Rxf8 Kxf8 25. Qd5 Qf2 26. Qd2 Ng4 27. Bd4
Bxd4 28. Qxd4 Ne3 29. Qh8+ Kf7 30. Qh7+ Kf6 31. Qh8+ Kf7 32. Qh7+ Kf6 33. Qh8+
Ke7 34. Qg7+ Qf7 35. Qxf7+ Kxf7 36. c3 Nc4 37. b3 Nd2 38. g3 Kf6 39. Kg2 Ke5
40. Kf2 Kxe4 41. h4 g5 42. hxg5 hxg5 43. Nd4 c5 44. Nb5 Ke5 45. c4 a6 46. Nc7
g4 47. Nd5 Ne4+ 48. Kg2 0-1

[Event "Hastings Masters 2011-12"]
[Site "Hastings ENG"]
[Date "2012.01.04"]
[Round "8.12"]
[White "Haydon, David L"]
[Black "Houska, Jovanka"]
[Result "1-0"]
[WhiteElo "2296"]
[BlackElo "2415"]
[PlyCount "79"]
[EventDate "2011.12.28"]

1. Nf3 Nf6 2. g3 b6 3. Bg2 Bb7 4. c4 e6 5. O-O d5 6. cxd5 exd5 7. Nc3 Be7 8. d4
O-O 9. Bg5 h6 10. Bxf6 Bxf6 11. Rc1 Re8 12. Re1 Nd7 13. Nb5 Re7 14. Nxc7 Rc8
15. Nb5 Rxc1 16. Qxc1 a6 17. Nd6 Ba8 18. Qc8 Qxc8 19. Nxc8 Re8 20. Nd6 Re6 21.
Rc1 Rxd6 22. Rc8+ Kh7 23. Rxa8 b5 24. Bh3 b4 25. Bxd7 Rxd7 26. Rxa6 Rc7 27. e3
Rc2 28. b3 Kg8 29. Ra4 Be7 30. Ne5 h5 31. h4 Rc8 32. Nd3 Rb8 33. Ra5 f6 34. Nf4
g5 35. Nxd5 Bd8 36. Ra4 gxh4 37. gxh4 Rc8 38. Rxb4 Rc1+ 39. Kg2 Kf7 40. Rb8 1-0

[Event "Hastings Masters 2011-12"]
[Site "Hastings ENG"]
[Date "2012.01.04"]
[Round "8.13"]
[White "Anwesh, Upadhyaya"]
[Black "Griffiths, Ryan Rhys"]
[Result "1/2-1/2"]
[WhiteElo "2413"]
[BlackElo "2310"]
[PlyCount "67"]
[EventDate "2011.12.28"]

1. c4 Nf6 2. g3 e6 3. Bg2 d5 4. Nf3 dxc4 5. O-O Nbd7 6. Na3 Bxa3 7. bxa3 c5 8.
Qc2 Qc7 9. Qxc4 b6 10. d4 Bb7 11. Bf4 Qc8 12. Rac1 Bd5 13. Qb5 O-O 14. Bd6 Rd8
15. dxc5 a6 16. Qb4 bxc5 17. Bxc5 a5 18. Qb5 Rb8 19. Qxa5 Nxc5 20. Rxc5 Qb7 21.
Rfc1 Ra8 22. Qb4 Qa6 23. e3 Rdb8 24. Qf4 Qxa3 25. Ne5 Bxg2 26. Kxg2 Qxa2 27.
R1c2 Qa6 28. Rc7 Rb1 29. R2c4 Rf8 30. Nc6 Nd5 31. Qd6 Rb6 32. Ne7+ Nxe7 33.
Qxe7 Qa8+ 34. e4 1/2-1/2

[Event "Hastings Masters 2011-12"]
[Site "Hastings ENG"]
[Date "2012.01.04"]
[Round "8.14"]
[White "Prosviriakov, Vladimir"]
[Black "Roy Chowdhury, Saptarshi"]
[Result "1/2-1/2"]
[WhiteElo "2274"]
[BlackElo "2411"]
[PlyCount "24"]
[EventDate "2011.12.28"]

1. e4 c5 2. Nf3 Nc6 3. Bb5 d6 4. Bxc6+ bxc6 5. O-O g6 6. e5 Bg7 7. Re1 Be6 8.
d3 Qd7 9. Nc3 Rd8 10. Ne4 dxe5 11. Nxc5 Qd5 12. Nxe6 Qxe6 1/2-1/2

[Event "Hastings Masters 2011-12"]
[Site "Hastings ENG"]
[Date "2012.01.04"]
[Round "8.15"]
[White "Padmini, Rout"]
[Black "Pon, NKrithika"]
[Result "1/2-1/2"]
[WhiteElo "2392"]
[BlackElo "2091"]
[PlyCount "30"]
[EventDate "2011.12.28"]

1. e4 e5 2. Nf3 Nc6 3. Bb5 a6 4. Ba4 Nf6 5. O-O b5 6. Bb3 Bc5 7. c3 d6 8. d4
Bb6 9. a4 Rb8 10. Na3 O-O 11. axb5 axb5 12. Nxb5 Bg4 13. Bc2 Bxf3 14. gxf3 Nh5
15. f4 Nxf4 1/2-1/2

[Event "Hastings Masters 2011-12"]
[Site "Hastings ENG"]
[Date "2012.01.04"]
[Round "8.16"]
[White "Talsma, Paul"]
[Black "Howell, David W L"]
[Result "0-1"]
[WhiteElo "2246"]
[BlackElo "2633"]
[PlyCount "60"]
[EventDate "2011.12.28"]

1. d4 Nf6 2. c4 e6 3. Nc3 Bb4 4. a3 Bxc3+ 5. bxc3 c5 6. e3 Nc6 7. Bd3 O-O 8.
Rb1 b6 9. e4 Ne8 10. Nf3 d6 11. e5 dxe5 12. dxe5 f5 13. exf6 Qxf6 14. O-O h6
15. h3 Nd6 16. Nh2 e5 17. f4 e4 18. Be2 Kh8 19. Qe1 Na5 20. g4 Naxc4 21. f5 e3
22. Rf4 Qe5 23. Bxc4 Qxf4 24. Bd5 Bb7 25. Bxe3 Qe5 26. Bxb7 Rae8 27. Nf1 Nxb7
28. Qh4 Qf6 29. Qh5 Qxc3 30. Bf4 Qd4+ 0-1

[Event "Hastings Masters 2011-12"]
[Site "Hastings ENG"]
[Date "2012.01.04"]
[Round "8.19"]
[White "Godard, Maxence"]
[Black "Eames, Robert S"]
[Result "1-0"]
[WhiteElo "2333"]
[BlackElo "2241"]
[PlyCount "103"]
[EventDate "2011.12.28"]

1. d4 Nf6 2. c4 c5 3. e3 g6 4. d5 e6 5. Nc3 exd5 6. cxd5 d6 7. Nf3 a6 8. a4 Bg4
9. Be2 Bxf3 10. Bxf3 Bg7 11. O-O O-O 12. Ra2 Nbd7 13. b3 Ne8 14. Bd2 f5 15. a5
Nc7 16. Na4 Nb5 17. Be2 Qe7 18. Re1 Nf6 19. Nb6 Rae8 20. b4 cxb4 21. Bxb4 Ne4
22. Bxb5 axb5 23. Rc2 Qh4 24. g3 Nxg3 25. Bxd6 Ne4 26. Bxf8 Bxf8 27. f3 Ng5 28.
Rf1 Rxe3 29. d6 Nxf3+ 30. Kh1 Nd4 31. d7 Qe4+ 32. Rg2 Be7 33. Qb1 Bd8 34. Qxe4
Rxe4 35. Nc8 Re6 36. Rd1 Nc6 37. Nd6 Nxa5 38. Nxb5 Kf7 39. Nd6+ Ke7 40. Nc8+
Kf6 41. Rc2 f4 42. Kg2 g5 43. Nd6 g4 44. Rc8 Re2+ 45. Kf1 Rxh2 46. Rxd8 Nc6 47.
Rf8+ Ke6 48. d8=Q Nxd8 49. Rxd8 Rh1+ 50. Ke2 f3+ 51. Kd2 Rh2+ 52. Ke3 1-0

[Event "Hastings Masters 2011-12"]
[Site "Hastings ENG"]
[Date "2012.01.04"]
[Round "8.20"]
[White "Knott, Simon J B"]
[Black "Bremner, Adam"]
[Result "1/2-1/2"]
[WhiteElo "2332"]
[BlackElo "2195"]
[PlyCount "84"]
[EventDate "2011.12.28"]

1. Nf3 Nf6 2. c4 c5 3. Nc3 Nc6 4. g3 g6 5. Bg2 Bg7 6. d4 cxd4 7. Nxd4 Nxd4 8.
Qxd4 d6 9. O-O O-O 10. Qd3 a6 11. Bd2 Rb8 12. Rac1 Bf5 13. e4 Bd7 14. h3 b5 15.
cxb5 axb5 16. b4 Qe8 17. Bg5 Be6 18. Nd5 Bxd5 19. exd5 h6 20. Be3 Nd7 21. f4
Nb6 22. Rc6 Nc4 23. Bc1 Ra8 24. a3 Qd7 25. Kh2 Qa7 26. Re1 Bf6 27. Re2 Qb7 28.
Rc2 Ra4 29. R2xc4 bxc4 30. Qxc4 Rfa8 31. Rc7 Qb6 32. Rc8+ Kg7 33. Qc6 Qa7 34.
Rc7 Qf2 35. Qc2 Qe1 36. Qd3 Qf2 37. Rc2 Qd4 38. Qxd4 Bxd4 39. Bf1 Rxa3 40. Bxa3
Rxa3 41. Kg2 Rb3 42. b5 h5 1/2-1/2

[Event "Hastings Masters 2011-12"]
[Site "Hastings ENG"]
[Date "2012.01.04"]
[Round "8.21"]
[White "Maciol, Ryszard"]
[Black "Radovanovic, Jovica"]
[Result "1-0"]
[WhiteElo "2185"]
[BlackElo "2309"]
[PlyCount "55"]
[EventDate "2011.12.28"]

1. d4 d5 2. c4 c6 3. cxd5 cxd5 4. Nc3 Nf6 5. Bf4 Nc6 6. e3 a6 7. Bd3 Bg4 8. f3
Bd7 9. Nge2 g6 10. O-O Bg7 11. Be5 Be6 12. Nf4 Bh6 13. Kh1 O-O 14. Nxe6 fxe6
15. f4 Bg7 16. Rc1 Ne8 17. Kg1 Rc8 18. h3 Nxe5 19. fxe5 Qd7 20. Qg4 Rc6 21.
Rxf8+ Bxf8 22. Rf1 Bh6 23. Qf3 Rc8 24. e4 dxe4 25. Bxe4 b5 26. Bb7 Rc4 27. Bxa6
Rxd4 28. Bxb5 1-0

[Event "Hastings Masters 2011-12"]
[Site "Hastings ENG"]
[Date "2012.01.04"]
[Round "8.22"]
[White "Stewart, Neil"]
[Black "Gregory, Stephen J"]
[Result "1-0"]
[WhiteElo "2299"]
[BlackElo "2124"]
[PlyCount "53"]
[EventDate "2011.12.28"]

1. d4 Nf6 2. Nf3 d6 3. Nc3 g6 4. e4 Bg7 5. h3 c6 6. a4 O-O 7. Be3 Qa5 8. Nd2
Qc7 9. Be2 e5 10. dxe5 dxe5 11. O-O Be6 12. a5 Nbd7 13. Nc4 Bxc4 14. Bxc4 b5
15. axb6 axb6 16. b4 Rxa1 17. Qxa1 h6 18. Rd1 Nh5 19. Qa2 Ndf6 20. b5 Nf4 21.
Bf1 Kh7 22. f3 Ne6 23. bxc6 Qxc6 24. Nd5 Nc5 25. Nxf6+ Bxf6 26. Qd5 Qc7 27. Qd6
1-0

[Event "Hastings Masters 2011-12"]
[Site "Hastings ENG"]
[Date "2012.01.04"]
[Round "8.23"]
[White "Roubaud, Alexandre"]
[Black "Rudd, Jack"]
[Result "0-1"]
[WhiteElo "2086"]
[BlackElo "2290"]
[PlyCount "42"]
[EventDate "2011.12.28"]

1. e4 c5 2. Nf3 d6 3. d4 cxd4 4. Nxd4 Nf6 5. Nc3 a6 6. Be3 e5 7. Nf3 Be7 8. Bc4
Be6 9. Nd5 Nbd7 10. Nxe7 Qxe7 11. Bd5 Nxd5 12. exd5 Bg4 13. Qd2 f5 14. Qb4 f4
15. Bb6 O-O 16. O-O-O a5 17. Qb5 Rfc8 18. Rde1 Bxf3 19. gxf3 Qf7 20. Rhg1 Ra6
21. Bxa5 Rc5 0-1

[Event "Hastings Masters 2011-12"]
[Site "Hastings ENG"]
[Date "2012.01.04"]
[Round "8.24"]
[White "Longson, Alexander"]
[Black "Waddington, Mike P"]
[Result "1-0"]
[WhiteElo "2281"]
[BlackElo "2114"]
[PlyCount "107"]
[EventDate "2011.12.28"]

1. e4 c5 2. Nf3 Nc6 3. d4 cxd4 4. Nxd4 e5 5. Nb5 a6 6. Nd6+ Bxd6 7. Qxd6 Qf6 8.
Qxf6 Nxf6 9. Nc3 d5 10. Bg5 Nxe4 11. Nxd5 O-O 12. Be3 Bf5 13. f3 Nf6 14. Nxf6+
gxf6 15. c3 Rfd8 16. Be2 Rac8 17. Kf2 Ne7 18. Rad1 Nd5 19. Bh6 Be6 20. Rd2 Ne7
21. Rxd8+ Rxd8 22. b3 Nf5 23. Bc1 Kg7 24. Rd1 Rxd1 25. Bxd1 Bd5 26. Bc2 Ne7 27.
Be3 h5 28. h4 Ng6 29. g3 Nf8 30. Bc5 Ne6 31. Bd6 Nd8 32. Ke3 Nc6 33. f4 exf4+
34. gxf4 f5 35. Bxf5 Kf6 36. Bd3 Be6 37. Be2 Kg6 38. Bf3 Bg4 39. Bd5 Kf6 40. c4
Bc8 41. b4 Be6 42. Kd3 Bf5+ 43. Kc3 Bc8 44. b5 axb5 45. cxb5 Nd8 46. a4 Ne6 47.
Bf3 Kf5 48. Bxh5 f6 49. Bd1 Nxf4 50. Bxf4 Kxf4 51. Kd4 b6 52. Kd5 Bg4 53. Bxg4
Kxg4 54. a5 1-0

[Event "Hastings Masters 2011-12"]
[Site "Hastings ENG"]
[Date "2012.01.04"]
[Round "8.25"]
[White "Eggleston, David J"]
[Black "Grant, Alan G"]
[Result "1-0"]
[WhiteElo "2367"]
[BlackElo "2186"]
[PlyCount "79"]
[EventDate "2011.12.28"]

1. e4 c6 2. d4 d5 3. e5 Bf5 4. Nf3 e6 5. Be2 Nd7 6. O-O Ne7 7. c3 a6 8. Re1 c5
9. dxc5 Nc6 10. Nd4 Bxb1 11. Rxb1 Bxc5 12. Nxc6 bxc6 13. Bd3 g6 14. Qg4 Qc7 15.
Bf4 Bf8 16. h4 h5 17. Qg3 Rg8 18. c4 Be7 19. b4 Qd8 20. Bg5 Bxg5 21. hxg5 dxc4
22. Bxc4 Nb6 23. Red1 Qe7 24. Qc3 Kf8 25. Bb3 Rc8 26. Rd6 Kg7 27. Qc5 Qb7 28.
Rc1 Nd5 29. a3 Rgd8 30. Ba4 Ne7 31. Rcd1 Qc7 32. Qc4 Nf5 33. Qxa6 Nxd6 34. exd6
Qb8 35. Bxc6 Rxd6 36. Rxd6 Qxd6 37. Qxc8 Qd1+ 38. Kh2 Qd6+ 39. g3 h4 40. Bg2
1-0

[Event "Hastings Masters 2011-12"]
[Site "Hastings ENG"]
[Date "2012.01.04"]
[Round "8.26"]
[White "Lock, Gavin R"]
[Black "Snape, Ian L"]
[Result "1-0"]
[WhiteElo "2157"]
[BlackElo "2231"]
[PlyCount "77"]
[EventDate "2011.12.28"]

1. d4 c5 2. d5 g6 3. e4 d6 4. Nc3 Bg7 5. Nf3 Nf6 6. Bb5+ Bd7 7. a4 O-O 8. O-O
Bxb5 9. axb5 Nbd7 10. Qe2 Ne8 11. Bf4 Nc7 12. h3 Nb6 13. Rad1 Qd7 14. e5 c4 15.
Rfe1 Nxb5 16. Qd2 Nxc3 17. bxc3 dxe5 18. Nxe5 Qb5 19. Bh6 Bxh6 20. Qxh6 Nxd5
21. Rd4 Nf6 22. Rh4 Rfd8 23. Nxg6 Qb6 24. Nxe7+ Kh8 25. Re3 Rd1+ 26. Kh2 Rd6
27. Ng6+ Kg8 28. Ne7+ Kh8 29. Ng6+ Kg8 30. Ne5 Kh8 31. Nxf7+ Kg8 32. Nxd6 Qxd6+
33. Rg3+ Kf7 34. Qg7+ Ke6 35. Rd4 Qe5 36. f4 Qe1 37. f5+ Kxf5 38. Qg5+ Ke6 39.
Re3+ 1-0

[Event "Hastings Masters 2011-12"]
[Site "Hastings ENG"]
[Date "2012.01.04"]
[Round "8.27"]
[White "Kewes, Gerd"]
[Black "Jaunooby, Ali R"]
[Result "1/2-1/2"]
[WhiteElo "2222"]
[BlackElo "2144"]
[PlyCount "99"]
[EventDate "2011.12.28"]

1. e4 d5 2. exd5 Nf6 3. d4 Nxd5 4. Nf3 g6 5. Be2 Bg7 6. O-O O-O 7. h3 Nc6 8. c3
e5 9. Nxe5 Nxe5 10. dxe5 Bxe5 11. Bf3 Be6 12. Na3 c6 13. Nc2 Qh4 14. Re1 Qf6
15. Qe2 Bc7 16. Bg4 Nf4 17. Bxf4 Qxf4 18. g3 Bxg4 19. Qxg4 Qf6 20. Kg2 Rad8 21.
Rad1 Bb6 22. Qf3 Qg5 23. Ne3 Qb5 24. Rxd8 Rxd8 25. Re2 Rd3 26. Qe4 Rxe3 27.
Rxe3 Bxe3 28. Qxe3 Qd5+ 29. Kh2 Qxa2 30. Qe8+ Kg7 31. Qe5+ f6 32. Qe7+ Qf7 33.
Qc5 a6 34. Qb6 g5 35. b3 Kg6 36. c4 Qd7 37. Kg2 Qe7 38. Kg1 Qe1+ 39. Kg2 Qe4+
40. Kg1 c5 41. Qxc5 Qb1+ 42. Kg2 Qxb3 43. Qc8 Qb4 44. Qg8+ Kh6 45. Qf7 Qb6 46.
g4 Qc6+ 47. Kg1 Qd6 48. c5 Qc6 49. Qf8+ Kg6 50. Qg8+ 1/2-1/2

[Event "Hastings Masters 2011-12"]
[Site "Hastings ENG"]
[Date "2012.01.04"]
[Round "8.28"]
[White "Briscoe, Chris"]
[Black "Burnett, Jim"]
[Result "1/2-1/2"]
[WhiteElo "2220"]
[BlackElo "2137"]
[PlyCount "106"]
[EventDate "2011.12.28"]

1. c4 e6 2. g3 d5 3. Nf3 Nf6 4. Bg2 Be7 5. O-O O-O 6. b3 c6 7. Bb2 b5 8. Qc2
Bb7 9. d3 Nbd7 10. Nbd2 a5 11. a3 Qb6 12. e4 Rfc8 13. e5 Ne8 14. d4 bxc4 15.
bxc4 c5 16. dxc5 Nxc5 17. Bd4 Rab8 18. Rfc1 dxc4 19. Nxc4 Qd8 20. Bc3 Nb3 21.
Qxb3 Bxf3 22. Qxb8 Rxb8 23. Bxf3 Qd3 24. Nd2 f5 25. exf6 Bxf6 26. Be4 Qd7 27.
Bc6 Qxc6 28. Bxf6 Qd5 29. Bc3 Rc8 30. Nf1 Nf6 31. Ne3 Qh5 32. Bxf6 Rxc1+ 33.
Rxc1 gxf6 34. Rc8+ Kg7 35. Rc7+ Kg6 36. Kg2 Qe5 37. Rc4 f5 38. a4 Qd6 39. Rf4
Qc6+ 40. Kh3 h6 41. g4 fxg4+ 42. Rxg4+ Kf6 43. Rf4+ Ke7 44. Kg3 e5 45. Rc4 Qg6+
46. Rg4 Qe6 47. Re4 Qg6+ 48. Kf3 Qh5+ 49. Kg3 Qg6+ 50. Kf3 Qc6 51. Ng4 Qc3+ 52.
Re3 Qc6+ 53. Re4 Qc3+ 1/2-1/2

[Event "Hastings Masters 2011-12"]
[Site "Hastings ENG"]
[Date "2012.01.04"]
[Round "8.29"]
[White "Britton, Richard L"]
[Black "Saranya, J."]
[Result "1-0"]
[WhiteElo "2219"]
[BlackElo "2069"]
[PlyCount "75"]
[EventDate "2011.12.28"]

1. e4 c5 2. Nf3 d6 3. d4 cxd4 4. Nxd4 Nf6 5. Nc3 a6 6. Bc4 e6 7. Bb3 b5 8. O-O
Qc7 9. Qf3 Be7 10. Qg3 g6 11. Bg5 b4 12. Qf3 Nbd7 13. Ba4 bxc3 14. Bxf6 Bxf6
15. Qxf6 O-O 16. Bxd7 Bxd7 17. b3 e5 18. Nf3 Bc6 19. Qh4 Qb7 20. Ng5 f6 21. Ne6
Bxe4 22. Nxf8 Rxf8 23. f3 Bd5 24. Rad1 f5 25. Qf2 Qc6 26. Qe3 Bf7 27. Rd3 Qc7
28. Rxc3 Qe7 29. Re1 Re8 30. Rc6 f4 31. Qc3 d5 32. Rc8 e4 33. Rxe8+ Qxe8 34.
Qd4 e3 35. Qxf4 Qc6 36. Qb8+ Kg7 37. Qe5+ Kg8 38. c3 1-0

[Event "Hastings Masters 2011-12"]
[Site "Hastings ENG"]
[Date "2012.01.04"]
[Round "8.30"]
[White "McKenna, Jason P"]
[Black "MacQueen, Calum"]
[Result "0-1"]
[WhiteElo "2110"]
[BlackElo "2219"]
[PlyCount "64"]
[EventDate "2011.12.28"]

1. e4 c5 2. Nf3 d6 3. d4 cxd4 4. Nxd4 Nf6 5. Nc3 g6 6. g3 Bg7 7. Bg2 O-O 8. O-O
Nc6 9. Nde2 Rb8 10. a4 a6 11. h3 b5 12. axb5 axb5 13. Be3 b4 14. Nd5 Nd7 15.
Nd4 Bxd4 16. Bxd4 e6 17. Ne3 e5 18. Ba7 Rb7 19. Qxd6 Nxa7 20. Nd5 Nb5 21. Qxb4
Nd4 22. Qd6 Nb6 23. Qxe5 Ne2+ 24. Kh2 Nxd5 25. Qxd5 Qxd5 26. exd5 Rxb2 27. c4
Nd4 28. c5 Nb3 29. Ra8 Nxc5 30. Rc1 Rxf2 31. h4 Bf5 32. Rxf8+ Kxf8 0-1

[Event "Hastings Masters 2011-12"]
[Site "Hastings ENG"]
[Date "2012.01.04"]
[Round "8.31"]
[White "Surendran, N."]
[Black "Kurka, Dieter"]
[Result "1-0"]
[WhiteElo "2207"]
[BlackElo "2058"]
[PlyCount "73"]
[EventDate "2011.12.28"]

1. d4 Nf6 2. Nf3 e6 3. c4 d5 4. Nc3 Be7 5. Bg5 O-O 6. e3 h6 7. Bh4 Ne4 8. Bxe7
Qxe7 9. Qc2 Nxc3 10. bxc3 b6 11. cxd5 exd5 12. Bd3 Ba6 13. O-O Bxd3 14. Qxd3
Nd7 15. a4 c6 16. c4 Rfc8 17. Rfc1 Qd6 18. h3 Rc7 19. cxd5 cxd5 20. Qa6 Rd8 21.
a5 Nb8 22. Qb5 bxa5 23. Rc5 Na6 24. Rxc7 Nxc7 25. Qxa5 a6 26. Rc1 Na8 27. Rc6
Qxc6 28. Qxd8+ Kh7 29. Ne5 Qb7 30. Nd7 h5 31. f4 g6 32. Qe8 Qb1+ 33. Kh2 Qf5
34. Nf8+ Kg7 35. Qxa8 Qe4 36. Nd7 Qxe3 37. Qf8+ 1-0

[Event "Hastings Masters 2011-12"]
[Site "Hastings ENG"]
[Date "2012.01.04"]
[Round "8.32"]
[White "Krishna, C.R.G."]
[Black "Lakshmi, Sahiti P"]
[Result "1-0"]
[WhiteElo "2305"]
[BlackElo "2110"]
[PlyCount "73"]
[EventDate "2011.12.28"]

1. d4 Nf6 2. c4 g6 3. Nf3 Bg7 4. g3 O-O 5. Bg2 d6 6. O-O Nc6 7. d5 Na5 8. Nfd2
c5 9. Qc2 Bd7 10. Nc3 a6 11. b3 b5 12. Bb2 bxc4 13. bxc4 Rb8 14. Rab1 Qc7 15.
Nce4 Bf5 16. Nxf6+ Bxf6 17. e4 Rxb2 18. Rxb2 Bxb2 19. Qxb2 Rb8 20. Qc3 Bd7 21.
f4 Rb4 22. a3 Rb8 23. e5 Bf5 24. exd6 exd6 25. Re1 h5 26. h3 Qd8 27. Kh2 Nb7
28. Bf3 Qa5 29. Qb2 Qa4 30. Bd1 Qd7 31. g4 hxg4 32. hxg4 Qd8 33. Kg3 Na5 34.
Qc3 Bd7 35. Ne4 f5 36. Rh1 Be8 37. Qh8+ 1-0

[Event "Hastings Masters 2011-12"]
[Site "Hastings ENG"]
[Date "2012.01.04"]
[Round "8.33"]
[White "Barton, R Alan"]
[Black "Sreeves, Clement"]
[Result "0-1"]
[WhiteElo "2073"]
[BlackElo "2247"]
[PlyCount "58"]
[EventDate "2011.12.28"]

1. d4 f5 2. Qd3 d5 3. g4 fxg4 4. Nc3 Nf6 5. Bf4 g6 6. O-O-O Bg7 7. h3 O-O 8.
Bg2 c6 9. e3 Nh5 10. Nge2 Bf5 11. Qd2 Nxf4 12. Nxf4 Qd6 13. hxg4 Bxg4 14. Rdg1
Bf5 15. Bh3 Nd7 16. Rg5 Bxh3 17. Rxh3 e5 18. dxe5 Nxe5 19. Qe2 Nc4 20. Nd1 Rxf4
21. Rgh5 gxh5 22. exf4 Qxf4+ 23. Kb1 Qe5 24. Qxh5 Qxh5 25. Rxh5 Re8 26. Rh1 Re2
27. Kc1 Bf6 28. f4 Ne3 29. Nxe3 Rxe3 0-1